000 00887nam a2200301 a 4500
003 AR-BaBNM
005 20251128205532.0
008 082120s2002 ||||||||||||||000 | spa||
020 _a987-9238-11-7
040 _cAR-BaBNM
100 1 _aAnsalone, Cecilia R.
245 0 0 _aLeer y producir textos en el primer ciclo
_blectura, oralidad y escritura
260 _aBuenos Aires
_bGEEMA
_c1997
300 _a129 p.
_bdiagr.
490 0 _aPropuestas para educadores
504 _aBibliografía: p. 127-129
650 4 _aENSEÑANZA DE LA LECTURA
650 4 _aENSEÑANZA DE LA ESCRITURA
650 4 _aENSEÑANZA DE LA EXPRESION ORAL
650 4 _aLIBROS DE TEXTO
653 _aCOMPRENSION LECTORA
653 _aPRIMER CICLO DE LA EGB
700 1 _aGallelli, Graciela Rosa
700 1 _aSalles, Norma
800 1 _aSalles, Norma
_edirector
942 _cBK
998 _cSILVI
999 _c11787
_d11787